Virtuální polytechnická knihovna - Souborný katalog - Úplný záznam dokumentu - MARC Uživatel: --- 
-----nas  22-----zu 4500
001 SKVPK0031862
003 CZ-VPK
005 20260422122628.0
008 260422d19831984||||| | |||  ||   |||||||
022   $a0721-9415
040   $aABA013$bcze
222  0$aÖIAZ
245 00$aÖIAZ
260   $aSpojené státy americké :$b Wien; New York : Springer-Verlag, 1982,$c1983
      -1984
650 07$aarchitektura a urbanismus$xau$2psh
650 07$astavebnictví$xst$2psh
780 00$tÖsterreichische Ingenieur-Zeitschrift,$x0029-9219
785 00$tÖsterreichische Ingenieur- und Architekten Zeitschrift
785 00$tZeitschrift des OIAV
785 00$tÖIAZ. Österreichische Ingenieur- und Architekten Zeitschrift
910   $aABA013$r1983-1984
OAI-PMH
 čtvrtek 14.05.2026 02:30:19 © 2001-2015 Národní technická knihovna 

[Virtuální polytechnická knihovna] [Servisní centrum] [Souborný katalog]